00352nam a2200145Ia 4500100003200000650002500032250000700057366000700064654002500071245004300096260002700139082001500166300000800181546001700189 aMasters/Ann L/ Wallace/H.R  aPersonal development a10 f27 apersonal development aPersonal development for life and work bCengage Learningc2011 a371.2bMAS a462 aENGLISHcTTL